| 000 | 00783nam a2200253 a 4500 | ||
|---|---|---|---|
| 001 | 000045348 | ||
| 003 | DO-SdBNP | ||
| 005 | 20240412074304.0 | ||
| 007 | ta | ||
| 008 | 150304s2014 dr a r 000 p spa d | ||
| 020 | _a9789945589382 | ||
| 040 |
_aDO-SdBNP _bspa _cBNPHU |
||
| 082 | 4 |
_aRD861.44 _bF363v _222 |
|
| 100 | 1 |
_aFernández, Papo _973373 |
|
| 245 | 1 | 0 |
_aVoces Sabaneteras / _cPapo Fernández ; prólogo Pedro Carreras Aguilera. |
| 260 |
_aSanto Domingo : _bSantuario, _c2014. |
||
| 300 |
_a173 p. : _bilustraciones ; _c23 cm. |
||
| 590 | _aInventariado, 2018/BT | ||
| 650 | 4 |
_aPoesía dominicana _966 |
|
| 650 | 0 |
_aLiteratura dominicana. _967 |
|
| 700 | 1 |
_aCarreras Aguilera, Pedro, _eprólogo _943438 |
|
| 910 | _aValidado. Control de calidad MFF. | ||
| 942 |
_2ddc _cLBS1 |
||
| 999 |
_c44837 _d44837 |
||